Подробности
| 000 -МАРКЕР |
| контрольное поле |
01567nam2a22002891 4500 |
| 001 - ИДЕНТИФИКАТОР ЗАПИСИ |
| контрольное поле |
rc\2189165 |
| 005 - ИДЕНТИФИКАТОР ВЕРСИИ |
| контрольное поле |
20250623055650.0 |
| 035 ## - ДРУГИЕ СИСТЕМНЫЕ НОМЕРА |
| Идентификатор записи |
(NLR Aleph) 006612000 |
| 100 ## - ДАННЫЕ ОБЩЕЙ ОБРАБОТКИ |
| Данные общей обработки |
20110829d1980 |||y0rusy50 ca |
| 101 0# - ЯЗЫК РЕСУРСА |
| Язык текста, звукозаписи и т.д. |
русский |
| 102 ## - СТРАНА ПУБЛИКАЦИИ ИЛИ ПРОИЗВОДСТВА |
| Страна публикации |
Российская Федерация |
| 105 ## - ПОЛЕ КОДИРОВАННЫХ ДАННЫХ: ТЕКСТОВЫЕ МАТЕРИАЛЫ, МОНОГРАФИЧЕСКИЕ |
| Кодированные данные о монографическом текстовом документе |
y z ||||| |
| 200 1# - ЗАГЛАВИЕ И СВЕДЕНИЯ ОБ ОТВЕТСТВЕННОСТИ |
| Основное заглавие |
Система АГЕНТ |
| Сведения, относящиеся к заглавию |
Метод. пособие |
| Первые сведения об ответственности |
МГУ им. М.В. Ломоносова, Н.-и. ВЦ |
| Последующие сведения об ответственности |
Александров А.Л., Кауфман В.Ш. (сост.) |
| 210 ## - ПУБЛИКАЦИЯ, РАСПРОСТРАНЕНИЕ И ДР. |
| Дата издания, распространения и т.д. |
1980 |
| Место издания, распространения и т.д. |
Б. м. |
| 215 ## - ФИЗИЧЕСКАЯ ХАРАКТЕРИСТИКА |
| Специфическое обозначение материала и объем |
15 с. |
| 461 #0 - УРОВЕНЬ НАБОРА |
| Встроенное поле |
001rc\2189157 |
| -- |
2001#$aМатематическое обеспечение системы коллективного пользования ЭВМ МГУ$f... Н.-и. ВЦ$vВып. 13 |
| Системный номер (АБИС) связанной записи |
7358903 |
| Место публикации |
Москва |
| Дата публикации |
1979- |
| Первые сведения об ответственности |
... Н.-и. ВЦ |
| Имя издателя, распространителя и т.д. |
МГУ |
| Заглавие |
Математическое обеспечение системы коллективного пользования ЭВМ МГУ |
| Номер тома |
Вып. 13 |
| 700 #1 - ИМЯ ЛИЦА - ПЕРВИЧНАЯ ОТВЕТСТВЕННОСТЬ |
| Графика поля |
Кириллица |
| Материалы, к которым относится поле |
rus |
| Начальный элемент ввода |
Александров |
| Часть имени, кроме начального элемента ввода |
А. Л. |
| Дополнения к именам, кроме дат |
канд. физ.-мат. наук, программирование |
| Расширение инициалов личного имени |
Александр Леонидович |
| Системный номер авторитетной/нормативной записи |
2641084 |
| Идентификатор авторитетной/нормативной записи |
RU\NLR\AUTH\770272828 |
| 701 #1 - ИМЯ ЛИЦА - АЛЬТЕРНАТИВНАЯ ОТВЕТСТВЕННОСТЬ |
| Начальный элемент ввода |
Кауфман |
| Часть имени, кроме начального элемента ввода |
В. Ш. |
| 702 #1 - ИМЯ ЛИЦА - ВТОРИЧНАЯ ОТВЕТСТВЕННОСТЬ |
| Код отношения |
Составитель |
| Графика поля |
Кириллица |
| Материалы, к которым относится поле |
rus |
| Начальный элемент ввода |
Александров |
| Часть имени, кроме начального элемента ввода |
А. Л. |
| Дополнения к именам, кроме дат |
канд. физ.-мат. наук, программирование |
| Расширение инициалов личного имени |
Александр Леонидович |
| Системный номер авторитетной/нормативной записи |
2641084 |
| Идентификатор авторитетной/нормативной записи |
RU\NLR\AUTH\770272828 |
| 702 #1 - ИМЯ ЛИЦА - ВТОРИЧНАЯ ОТВЕТСТВЕННОСТЬ |
| Начальный элемент ввода |
Кауфман |
| Часть имени, кроме начального элемента ввода |
В. Ш. |
| Код отношения |
Составитель |
| 801 #0 - ИСТОЧНИК ЗАПИСИ |
| Страна |
Российская Федерация |
| Организация |
NLR |
| Правила каталогизации |
psbo |
| 801 #1 - ИСТОЧНИК ЗАПИСИ |
| Страна |
Российская Федерация |
| Организация |
ELAR |
| Источник данных |
rusmarc |
| 852 ## - МЕСТОНАХОЖДЕНИЕ И ШИФР ХРАНЕНИЯ |
| Идентификатор организации |
NLR |
| Шифр хранения (Call Number) |
79-4/22876 |
| 942 ## - ДОПОЛНИТЕЛЬНЫЕ ЭЛЕМЕНТЫ ЗАПИСИ (АБИС) |
| Тип экземпляра АБИС |
Книга |
| 980 ## - КОЛЛЕКЦИЯ |
| Название коллекции |
Национальная библиография |